Actors who worked with Jim Jarmusch - Statistics

General Stats
  • This quiz has been taken 11 times
  • The average score is 21 of 66
Answer Stats
Films Answer % Correct
Dead Man Johnny Depp
100%
Paterson, The Dead Don't Die Adam Driver
82%
The Dead Don't Die, Broken Flowers, The Limits of Control Bill Murray
82%
Ghost Dog: The Way of the Samurai Forest Whitaker
82%
Only Lovers Left Alive, The Dead Don't Die, Broken Flowers, The Limits of Control Tilda Swinton
73%
The Dead Don't Die, Mystery Train, Down by Law, Coffee and Cigarettes Tom Waits
64%
The Dead Don't Die, Dead Man, Coffee and Cigarettes Iggy Pop
55%
The Dead Don't Die, Mystery Train, Stranger Than Paradise, Permanent Vacation Sara Driver
55%
Only Lovers Left Alive Tom Hiddleston
55%
Night on Earth Winona Ryder
55%
Coffee and Cigarettes Cate Blanchett
45%
The Dead Don't Die, Broken Flowers Chloe Sevigny
45%
Stranger Than Paradise, Down by Law, Permanent Vacation John Lurie
45%
Night on Earth, Down by Law, Coffee and Cigarettes Roberto Benigni
45%
The Dead Don't Die Selena Gomez
45%
The Dead Don't Die, Dead Man, Mystery Train, Coffee and Cigarettes Steve Buscemi
45%
Stranger Than Paradise Eszter Balint
36%
Night on Earth Gena Rowlands
36%
Night on Earth, Ghost Dog: The Way of the Samurai, Coffee and Cigarettes, The Limits of Control Isaach De Bankolé
36%
Broken Flowers Julie Delpy
36%
The Dead Don't Die, Ghost Dog: The Way of the Samurai RZA
36%
Dead Man Alfred Molina
27%
Night on Earth Armin Mueller-Stahl
27%
The Dead Don't Die Austin Butler
27%
The Dead Don't Die Caleb Landry Jones
27%
Coffee and Cigarettes Cinqué Lee
27%
Broken Flowers Frances Conroy
27%
Dead Man Gary Farmer
27%
Night on Earth Giancarlo Esposito
27%
Paterson Golshifteh Farahani
27%
Only Lovers Left Alive, Broken Flowers Jeffrey Wright
27%
Broken Flowers Jessica Lange
27%
Coffee and Cigarettes Joie Lee
27%
Only Lovers Left Alive Mia Wasikowska
27%
Broken Flowers Sharon Stone
27%
Coffee and Cigarettes Steven Wright
27%
Paterson Barry Shabaka Henley
18%
Down by Law Billie Neal
18%
Dead Man Billy Bob Thornton
18%
Paterson Chasten Harmon
18%
Permanent Vacation Chris Parker
18%
Ghost Dog: The Way of the Samurai Cliff Gorman
18%
Dead Man Crispin Glover
18%
The Dead Don't Die Danny Glover
18%
Down by Law Ellen Barkin
18%
Dead Man Eugene Byrd
18%
Dead Man Gabriel Byrne
18%
The Limits of Control Gael García Bernal
18%
Ghost Dog: The Way of the Samurai Henry Silva
18%
Paterson Jared Gilman
18%
Dead Man Jared Harris
18%
Dead Man, The Limits of Control John Hurt
18%
Only Lovers Left Alive John Hurt
18%
Ghost Dog: The Way of the Samurai John Tormey
18%
Paterson Kara Hayward
18%
Dead Man Lance Henriksen
18%
Permanent Vacation Leila Gastil
18%
Mystery Train Masatoshi Nagase
18%
Dead Man Michael Wincott
18%
The Limits of Control Paz de la Huerta
18%
Stranger Than Paradise Richard Edson
18%
The Dead Don't Die, Night on Earth Rosie Perez
18%
Ghost Dog: The Way of the Samurai Tricia Vessey
18%
Paterson William Jackson Harper
18%
Only Lovers Left Alive Anton Yelchin
9%
Mystery Train, The Limits of Control Youki Kudoh
9%
No matching quizzes found
Score Distribution
Percent of People with Each Score
Percentile by Number Answered
Your Score History
You have not taken this quiz